000 00601nam a2200229 a 4500
005 20210219153141.0
008 991125n 000 0 u
035 _aUPN01000080357
100 _aBerenson, Edward
222 _aPHI DELTA KAPPAN
245 _aGetting the story straight
300 _a160-162
362 _a74, No. 2, 1992
505 _aFebrero 1993
653 0 _aDESARROLLO CURRICULAR
653 0 _aEDUCACION MULTICULTURAL
653 0 _aESTUDIOS SOCIALES
653 0 _aLIBROS DE TEXTO PARCIALES
653 0 _aPREJUICIO RACIAL
904 _aAC
_b018168
905 _aArticulo
999 _c69496
_d69496